Music Quiz

Random Music or Celebrity Quiz

Madonna's 'Vogue' Faces Quiz Stats

 Plays Quiz Updated Jun 29, 2012

Also try: Madonna Albums
Challenge
Share
Tweet
Score 0/16 Timer 05:00
1 Play Today
Column % Correct
Column 3Marilyn Monroe
96.3%
Column 1James Dean
93.4%
Column 2Joe DiMaggio
81.1%
Column 4Fred Astaire
77.7%
Column 4Marlon Brando
74%
Column 3Grace Kelly
71.1%
Column 1Gene Kelly
69.3%
Column 2Bette Davis
67.8%
Column % Correct
Column 1Katharine Hepburn
65.7%
Column 3Greta Garbo
56.2%
Column 3Rita Hayworth
53.1%
Column 2Lauren Bacall
51.5%
Column 1Ginger Rogers
48.4%
Column 4Marlene Dietrich
44.8%
Column 2Jean Harlow
43.3%
Column 4Lana Turner
27.6%

You're not logged in!

Compare scores with friends on all Sporcle quizzes.
Join for Free
OR
Log In

You Might Also Like...

Show Comments

Extras

Top Quizzes Today


Score Distribution

Your Account Isn't Verified!

In order to create a playlist on Sporcle, you need to verify the email address you used during registration. Go to your Sporcle Settings to finish the process.

Report this User

Report this user for behavior that violates our Community Guidelines.

Details: